000 nam a22 7a 4500
999 _c332173
_d332173
003 NUST
005 20171116115428.0
008 171116b xxu||||| |||| 00| 0 eng d
020 _a8176487910
040 _c0
082 _a628.5 RAJ
100 _aRajvaidya,Neelima
_92651
245 _aEnvironmental Measurement:
_bConcept & Approach
_cNeelima Rajvaidya
260 _aNew Delhi
_bA.P.H
_c2005
300 _a207p.
500 _aH.B
942 _2ddc
_cBK
_kIESE